| 000 | 02963nam2a2200373 4500 | ||
|---|---|---|---|
| 001 | RU\NLR\BIBL_A\012525589 | ||
| 005 | 20250625102608.0 | ||
| 010 |
_a978-5-9736-0618-3 _9500 |
||
| 021 |
_aRU _bКН-П-20-089882 _9КН-П-20-6822 |
||
| 035 | _a(NLR Aleph) 012525589 | ||
| 090 |
_a12342853 _c12342853 |
||
| 100 | _a20210524d2020 k y0rusy50 ca | ||
| 101 | 0 |
_arus _deng |
|
| 102 | _aRU | ||
| 105 | _ay z 100zy | ||
| 200 | 1 |
_aМатериалы "круглого стола" XVII Тихоокеанского медицинского конгресса с международным участием, Владивосток, 21–26 сентября 2020 г. _fФедеральное государственное бюджетное образовательное учреждение высшего образования "Тихоокеанский государственный медицинский университет" Министерства здравоохранения Российской Федерации _gотв. ред.: Л. Д. Ерохина, Е. П. Супрунова |
|
| 210 | _d2020 | ||
| 215 |
_a111, [1] с. _cтабл. |
||
| 300 | _aЗагл. вып.: Биомедицинская этика | ||
| 300 | _aРез. англ. | ||
| 320 | _aБиблиогр. в конце отд. ст. и в подстроч. примеч. | ||
| 461 | 0 |
_1001RU\NLR\BIBL_A\011296397 _12001#$aБиомедицинская этика: старые проблемы - новые альтернативы$vВып. 5 _910952577 _cВладивосток _d2016 _f[отв. ред.: Л. Д. Ерохина] _nИзд-во ВГУЭС _oсборник статей по материалам "круглого стола" XIII Тихоокеанского медицинского конгресса с международным участием, Владивосток, 14-15 сентября 2016 _tБиомедицинская этика: старые проблемы - новые альтернативы _vВып. 5 |
|
| 606 | 1 |
_aБиомедицинская этика _jСъезды, совещания и т.п _91142493 _3RU\NLR\AUTH\66136465 |
|
| 686 | 1 | _aР11(2)п913я431 | |
| 686 | 1 | _aЮ705.4я431 | |
| 686 | 1 | _aЮ701.532я431 | |
| 711 | 1 | 2 |
_a"Биомедицинская этика: старые проблемы - новые альтернативы", круглый стол _eВладивосток _f2020 _9757024 _3RU\NLR\AUTH\880546041 |
| 711 | 1 | 2 |
_aТихоокеанский медицинский конгресс с международным участием _d17 _eВладивосток _f2020 _9757026 _3RU\NLR\AUTH\880546042 |
| 852 |
_aNLR _j2016-3/35207 |
||
| 942 | _cBOOK | ||
| 980 | _aNB | ||